| 000 | 00586nam a2200193Ia 4500 | ||
|---|---|---|---|
| 003 | GCL | ||
| 008 | 140319s9999 xx 000 0 eng d | ||
| 040 |
_aGCL / _cGCL |
||
| 082 | 0 | 4 |
_a551.1 _bK A |
| 100 | 1 | _aKESHAVAMVRTY, R.N. | |
| 245 | 1 | 0 |
_aADVANCES IN TROPICAL METEOROLOGY MONSOON VARIABILITY SATELLITE APPLICATIONS AND MODELLING / _cKESHAVAMVRTY, R.N. |
| 700 | 1 | _aJOSHI, P.C | |
| 260 |
_a[S.N] : _bTATA MCGRAW - HILL PUBLISHING COMPANY LT ، _c1993 |
||
| 300 | _a560 P | ||
| 650 | 0 | 4 | _aMETHODOLOGY |
| 650 | 0 | 4 | _aOCEANOGRAPHY |
| 650 | 0 | 4 | _aTROPICAL METEOTOLOG |
| 942 |
_2ddc _cBK |
||
| 999 |
_c20447 _d20447 |
||